Property and money (Record no. 77100)

MARC details
000 -LEADER
fixed length control field 01013nam a2200181 a 4500
008 - FIXED-LENGTH DATA ELEMENTS--GENERAL INFORMATION
fixed length control field 120416s1990 ||||||||||||||||| || u
050 ## - LIBRARY OF CONGRESS CALL NUMBER
Classification number HB 701 Bre
100 ## - MAIN ENTRY--PERSONAL NAME
Personal name Brett, Michael
245 10 - TITLE STATEMENT
Title Property and money
246 ## -
-- a simple guide to commercial property investment and finance
260 ## - PUBLICATION, DISTRIBUTION, ETC.
Place of publication, distribution, etc. London
Name of publisher, distributor, etc. Estates Gazette
Date of publication, distribution, etc. 1990
300 ## - PHYSICAL DESCRIPTION
Extent viii, 264p. : ill.
350 ## -
-- 0.00
995 ## -
-- ANNEX COLLECTION (Main Library)
-- 0.00
-- 726283
-- CBU-MAIN LIBRARY (Kitwe)
-- 1
-- 19.65
-- HB 701 Bre
-- AVAILABLE
-- 002376
-- Annex Low-Usage Collection
995 ## -
-- ANNEX COLLECTION (Main Library)
-- 0.00
-- 726280
-- CBU-MAIN LIBRARY (Kitwe)
-- 3
-- 19.65
-- HB 701 Bre
-- AVAILABLE
-- 018024
-- Annex Low-Usage Collection
995 ## -
-- ANNEX COLLECTION (Main Library)
-- 0.00
-- 002375
-- CBU-MAIN LIBRARY (Kitwe)
-- 4
-- 19.65
-- HB 701 Bre
-- AVAILABLE
-- 002375
-- Annex Low-Usage Collection
995 ## -
-- MAIN LIBRARY OPEN ACCESS
-- 0.00
-- 002374
-- CBU-MAIN LIBRARY (Kitwe)
-- 2
-- 19.65
-- HB 701 Bre
-- AVAILABLE
-- 002374
-- Main Library Open Access Collection
999 ## -
-- 77100
-- 77100
Holdings
Withdrawn status Lost status Source of classification or shelving scheme Damaged status Not for loan Permanent Location Current Location Shelving location Date acquired Total Checkouts Full call number Barcode Date last seen Copy number Price effective from Koha item type
          CBU-MAIN LIBRARY, KITWE. CBU-MAIN LIBRARY, KITWE.   04/25/2023   HB 701 Bre 002376 04/25/2023 1 04/25/2023 MONOGRAPH
Withdrawn         CBU-MAIN LIBRARY, KITWE. CBU-MAIN LIBRARY, KITWE.   04/25/2023   HB 701 Bre 018024 04/25/2023 2 04/25/2023 MONOGRAPH
Withdrawn         CBU-MAIN LIBRARY, KITWE. CBU-MAIN LIBRARY, KITWE.   04/25/2023   HB 701 Bre 002375 04/25/2023 3 04/25/2023 MONOGRAPH
          CBU-MAIN LIBRARY, KITWE. CBU-MAIN LIBRARY, KITWE.   04/25/2023   HB 701 Bre 002374 04/25/2023 4 04/25/2023 MONOGRAPH